000 00520nam a2200097Ia 4500
008 170517s9999 xx 000 0 und d
245 2 _aA Hard Day's Night
300 _aVery little needs to be said about this trend-setting 1964 classic: Simply put, A Hard Day's Night is the finest rock 'n' roll comedy ever made. It hit America shortly after the Beatles themselves did, and with the Fab Four as popular as they were, Stateside audiences...
650 _xArt.
856 _uhttp://topdocumentaryfilms.com/a-hard-days-night/
999 _c333102
_d333102